000 00338nam a22001457a 4500
020 _a978-1-40931-239-0
082 _a823
_bDUN/K
100 _aDUNGWORTH, RICHARD
245 _aGENIE STREET
_bMRS. KRAMER DRAGON TAME
260 _aLONDON
_bLADY BIRD BOOKS
300 _a126
520 _aSHORT STORY
650 _aSHORT STORY
942 _cBK
999 _c5851
_d5851